000 00599nam a2200229Ia 4500
003 OSt
005 20220918175123.0
006 a|||||r|||| 00| 0
007 ta
008 220917b |||||||| |||| 00| 0 eng d
024 _a15,764
037 _cTextual
040 _aARTS
_cARTS
_beng
041 _2eng
_aeng
082 _aO:v73:N5, J7
100 _aBlair Walter
_914141
245 0 _aLiterature of the United States
_b An anthology and history
260 _c1957
650 _aENGLISH LITERATURE
942 _hO:v73:N5, J7
_cTEXL
_2CC
999 _c156160
_d156160